|
|
|
|
| LEADER |
00000nab a2200000 a 4500 |
| 001 |
vtls000185807 |
| 003 |
SK-MaSNL |
| 005 |
20260304181501.0 |
| 008 |
250422c1984 xo 0 slo |
| 015 |
|
|
|a SNBRB19rr/mm-uuuuu
|
| 035 |
|
|
|a CL0195920
|
| 035 |
|
|
|a urn:nbn:sk:snk-ab2p0n
|
| 035 |
|
|
|a (urnnbn)urn:nbn:sk:snk:ar-a02pst
|
| 035 |
|
|
|a (uuid)19afcec5-afe9-4d3f-838e-b6126deb697e
|
| 040 |
|
|
|a SNKBUCL
|b slo
|c SNKBUCL
|e AACR2
|
| 041 |
0 |
|
|a slo
|
| 044 |
|
|
|a xo
|c SK
|
| 080 |
|
|
|a 636.22/.28.082.4
|2 1981
|
| 080 |
|
|
|a 007.5
|2 1981
|
| 080 |
|
|
|a 681.3.06
|2 1981
|
| 100 |
1 |
|
|a Nagy, Dezider
|4 aut
|9 268822
|
| 245 |
1 |
0 |
|a Riadenie reprodukcie hovädzieho dobytka pri využití výpočtovej techniky
|c Dezider Nagy
|
| 650 |
0 |
7 |
|a hovädzí dobytok
|2 snkbucl
|9 2818
|
| 650 |
0 |
7 |
|a automatizované systémy riadenia
|2 snkbucl
|9 28612
|
| 655 |
|
7 |
|a články z novín a časopisov
|2 snkbucl
|9 267496
|
| 773 |
0 |
|
|t Ekonomika poľnohospodárstva
|g Roč. 23, č. 6 (1984), s. 273-275
|
| 850 |
|
|
|a Slovenská národná knižnica
|
| 852 |
|
|
|a Slovenská národná knižnica
|
| 954 |
|
|
|a odborná, vedecká literatúra pôvodná (slovenská)
|2 lita
|
| 957 |
|
|
|a 5404
|
| 958 |
|
|
|a article27
|
| 958 |
|
|
|a RK
|
| 958 |
|
|
|a OND
|
| 958 |
|
|
|a EUIPO
|
| 992 |
|
|
|a RBX
|
| 999 |
|
|
|c 3024290
|d 3026220
|